000 nam a22 a 4500
999 _c4752
_d4752
003 AKMAL
005 20171030103818.0
008 171030s2003 my l 00 may d
020 _a9789678913942
040 _aAKMAL
082 0 4 _a344.5950123 MAL
090 0 0 _a344.5950123
_bMAL
110 1 _aMalaysia
_9400
240 1 0 _aAkta Kumpulan Wang Simpanan Pekerja, 1991
245 1 0 _aAkta Kumpulan Wang Simpanan Pekerja, 1991 (Akta 452) & Peraturan-peraturan dan Kaedah-kaedah :
_bhingga 20hb Jun 2003 /
_cdisusun oleh Lembaga Penyelidikan Undang-Undang
260 _aKuala Lumpur :
_bInternational Law Book Services,
_c2003
300 _a231ms. ;
_c25cm
650 _aPension trusts
_xLaw and legislation
_zMalaysia
_99089
650 _aEmployees' deposits
_xLaw and legislation
_zMalaysia
_9439
650 _aLabor laws and legislation
_zMalaysia
_93695
942 _2ddc
_cBOOK